000 00530nam a2200193Ia 4500
005 20250508151436.0
008 008 250505s9999 xx 000 0 eng d
037 _aTextual
040 _aFEDL
_beng
_cFEDL
041 _aeng
_2eng
084 _a370.943, WEN
_qFEDL
100 _aWenke Hans
_9759141
245 0 _aEducation in Western Germany
260 _aWashington, USA
_bLibrary of Congress
_c1953
300 _a101p.
650 _aEducation
942 _cTEXL
_h370.943, WEN
999 _c1329822
_d1329822